Ciencias naturales 6

Salvato in:
Dettagli Bibliografici
Autori principali: Hess Mienert, Eduardo (Autore), Moll Agüero, María Luisa (Autore), Yankovic Nola, Bartolomé (Autore)
Natura: Libro
Lingua:spagnolo
Pubblicazione: Santiago Santillana del Pacífico 1981
Edizione:5a. ed
Serie:Textos Escolares para la Educación General Básica
Soggetti:
Tags: Aggiungi Tag
Nessun Tag, puoi essere il primo ad aggiungerne!!

MARC

LEADER 00000nam a2200000 a 4500
001 UCZ6542
003 CL-VaPUC
008 951211e19810000CL |||||||||||||||||spa|d
082 0 4 |a 372.35  |b HES  |2 21 
100 |a Hess Mienert, Eduardo  |e author  |9 497572 
700 0 |a Moll Agüero, María Luisa  |e author  |9 350900 
700 0 |a Yankovic Nola, Bartolomé  |e author  |9 350901 
245 1 0 |a Ciencias naturales 6 
250 |a 5a. ed 
300 |a 104 p 
942 |c BK 
945 |d 19951211 00:00:00  |a cmena 
260 |a Santiago  |b Santillana del Pacífico  |c 1981 
650 0 |a Ciencias naturales  |9 260542 
650 0 |a Enseñanza  |9 256457 
650 0 |a Educación básica   |9 224933 
650 0 |a Métodos de enseñanza  |9 270413 
650 0 |a Libros de texto  |9 270019 
583 |a last modification  |c 19951211 00:00:00  |k Rodrigo Vera 
490 0 |a Textos Escolares para la Educación General Básica 
999 |c 242741  |d 242739 
952 |0 0  |1 0  |4 0  |6 372_350000000000000_HES_1981  |7 0  |8 P  |9 255881  |a BIBEDU  |b BIBEDU  |c BIBEDU_PB  |d 2019-11-19  |i 1604554  |o 372.35 HES 1981  |p 1604554  |r 2024-01-25  |w 2019-11-19  |y BK  |k EDU